000 01629cam a2200409 i 4500
999 _c56806
_d56806
001 18988472
005 20221105214131.0
008 160224t20172017enka b 001 0 eng
010 _a 2016006776
020 _a9780134170718 (alk. paper) 1
020 _a0134170717 (alk. paper) 1
040 _aDLC
_beng
_cDLC
_erda
_dDLC
041 _aeng
042 _apcc
050 0 0 _aRC424.7
_b.B47 2017
080 _a376.36 +616.89 B-49
100 1 _aBernthal, John E.,
_eauthor.
_9575
245 1 0 _aArticulation and phonological disorders :
_bspeech sound disorders in children /
_cJohn E. Bernthal, University of Nebraska-Lincoln, Nicholas W. Bankson, James Madison University, Peter Flipsen JR., Pacific University, Oregon.
250 _aEighth edition.
264 1 _aBoston :
_bPearson,
_c[2017]
264 4 _c©2017
300 _ax, 383 pages :
_billustrations ;
_c29 cm.
336 _atext
_2rdacontent
337 _aunmediated
_2rdamedia
338 _avolume
_2rdacarrier
504 _aIncludes bibliographical references (pages 334-368) and index.
650 0 _aArticulation disorders.
_9576
653 _aმეტყველების დარღვევა ბავშვებში
653 _aლოგოპედია
653 _aგანათლება
653 _aმედიცინა
700 1 _aBankson, Nicholas W.,
_eauthor.
_9577
700 1 _eFlipsen, Peter,
_9579
906 _a7
_bcbc
_corignew
_d1
_eecip
_f20
_gy-gencatlg
942 _2udc
_cBK
955 _brl11 2016-02-24
_irl11 2016-02-24 to Dewey
_axn08 2016-06-23 1 copy rec'd., to CIP ver.
_arl46 2016-06-28 to SMA